00318nam a22000857a 4500008004100000082001600041110005800057245010800115300000900223230606b xxu||||| |||| 00| 0 eng d a350.72bGOK bGovernment of kenya in collaboration with UNDP, Kenya aAchieving millennium development goals in kenyabA needs assessment and costing RepartcNeeds and Costs a238p